O nezbytnosti logiky pro humanitní vědy

Logika ako nevyhnutná súčasť vzdelania humanitne orientovaného intelektuála. Racionalita a logika. Formálna logika. Matematická logika. Súčasný stav výučby logiky na vysokých školách.

Saved in:
Bibliographic Details
Main Author: Jirků, Petr
Format: Book Chapter
Language:Czech
Subjects:
Tags: Add Tag
No Tags, Be the first to tag this record!

MARC

LEADER 00000naa a2200000 4500
001 r033381
005 20230929090957.2
041 0 |a cze 
044 |a CZ 
245 1 0 |a O nezbytnosti logiky pro humanitní vědy  |c Petr Jirků 
520 |a Logika ako nevyhnutná súčasť vzdelania humanitne orientovaného intelektuála. Racionalita a logika. Formálna logika. Matematická logika. Súčasný stav výučby logiky na vysokých školách. 
610 2 0 |a logika 
610 2 0 |a logika matematická 
610 2 0 |a racionalita 
610 2 0 |a vedy spoločenské 
610 2 0 |a školy vysoké 
610 2 0 |a výučba vedecká 
100 1 |a Jirků, Petr